000 00503nam a2200181Ia 4500
005 20250317130211.0
008 008 250317s9999 xx 000 0 eng d
037 _aTextbook
040 _aFMSL
_beng
_cFMSL
041 _aeng
_2eng
084 _aX51.1 M6
_qFMSL
100 _aI C S I
_9702145
245 0 _aForeign collaborations policy and procedure
260 _aNew Delhi
_bNew Delhi, CSI
_c1986
300 _a374p
942 _cTB
_hX51.1 M6
999 _c1262745
_d1262745